000 01084cam a2200337 i 4500
001 013650338
003 EG-ScBUE
005 20230328101304.0
008 070116t2007 enko f 001 0 eng d
020 _a9780240808192 (pbk.)
020 _a0240808193 (pbk.)
040 _aStDuBDS
_beng
_erda
_cStDuBDS
_dUk
_dEG-ScBUE
082 0 4 _a778.72
_bHUN
_222
100 1 _aHunter, Fil,
_eauthor.
_938281
245 1 0 _aLight science & magic :
_ban introduction to photographic lighting /
_cFil Hunter, Steven Biver, Paul Fuqua.
250 _aThird edition.
264 1 _aOxford :
_bFocal Press / Elsevier,
_c[2007]
264 4 _cc2007
300 _axii, 308 pages :
_bphotographs (some color) ;
_c25 cm
336 _2rdacontent
_atext
_btxt
337 _2rdamedia
_aunmediated
_bn
338 _2rdacarrier
_avolume
_bnc
500 _aIncludes index.
650 7 _aPhotography
_xLighting.
_2BUEsh
651 _2BUEsh
653 _bCOMAME
_cAugust2015
655 _vReading book
700 1 _aBiver, Steven,
_eauthor.
700 1 _aFuqua, Paul,
_eauthor.
942 _2ddc
_k778.72 HUN
_cBB
999 _c20400
_d20372